000 00269nam a2200109Ia 4500
008 220204s9999 xx 000 0 und d
082 _a665.52(540)
_bMEN
100 _aMenon, A K
245 0 _aIndian essential oils: A review
260 _aDelhi
_bCSIR
_c1960
942 _cBK
999 _c21862
_d21862